EA FC24 All Birthdays - Statistics

General Stats
  • This quiz has been taken 26 times
    23 since last reset
  • The average score is 19 of 32
Answer Stats
Rate Club Nation Answer % Correct
92 Arsenal England Bukayo Saka
100%
91 Spurs South Korea Heung Min Son
100%
93 Al Ittihad France Karim Benzema
100%
94 Inter Miami Argentina Lionel Messi
100%
93 Man City Belgium Kevin de Bruyne
95%
91 Bayern France Kingsley Coman
95%
91 Barcelona Uruguay Ronald Araujo
95%
90 Real Madrid Brazil Rodrygo
89%
90 Liverpool Portugal Diogo Jota
84%
89 Al Hilal Serbia Sergej Milinkovic-Savic
84%
89 Villarreal Norway Alexander Sorloth
74%
93 San Diego USA Alex Morgan
74%
89 Milan USA Christian Pulisic
74%
90 Inter Italy Nicolo Barella
74%
90 Man United France Raphael Varane
63%
90 Wolfsburg Poland Ewa Pajor
58%
88 Brentford Ireland Nathan Collins
42%
87 Fulham Portugal Palhinha
42%
87 Lens Poland Przemyslaw Frankowski
42%
87 Hoffenheim Germany Anton Stach
37%
87 Lazio Brazil Felipe Anderson
37%
88 Rayo Vallecano Colombia Radamel Falcao
37%
88 Union Berlin Germany Robin Gosens
37%
90 Gotham USA Rose Lavelle
37%
90 Arsenal England Beth Mead
32%
89 Man City Netherlands Jill Roord
32%
89 PSG France Presnel Kimpembe
32%
89 Burnley Ireland Josh Cullen
26%
89 Luton Town Ireland Chiedozie Ogbene
21%
88 Bayern France Sacha Boey
21%
88 LA Galaxy Japan Maya Yoshida
16%
88 North Carolina Ireland Denise O'Sullivan
5%
No matching quizzes found
Score Distribution
Percent of People with Each Score
Percentile by Number Answered
Your Score History
You have not taken this quiz since the last reset